[Event "Mermaid Beach Club"]
[Site "Bermuda"]
[Date "1997.??.??"]
[Round "7"]
[White "Waitzkin, Joshua"]
[Black "Shaked, Tal"]
[Result "1/2-1/2"]
[WhiteElo "2440"]
[BlackElo "2445"]
[Annotator "Gershon,A"]
[PlyCount "84"]
[EventDate "1997.01.??"]
[EventType "tourn"]
[EventRounds "11"]
[EventCountry "BER"]
[EventCategory "11"]
[SourceTitle "CBM 058"]
[Source "ChessBase"]
[SourceDate "1997.06.01"]
[SourceVersion "1"]
[SourceVersionDate "1997.06.01"]
[SourceQuality "1"]

1. e4 e6 2. d4 d5 3. exd5 exd5 4. c4 Bb4+ 5. Nc3 Ne7 6. Nf3 (6. a3 $6 {Unlike
in the closed type positions you can get after:1.e4 e6 2.d4  d5 3.ed5 ed5 4.
Nc3 Bb4 5.Bd3 Nc6 when by playing 6.a3 there isn't any danger that white would
have problems with development , here the position is more dinamic and black
can exploit this tempi.} Bxc3+ 7. bxc3 O-O 8. Nf3 b6 (8... Bg4 $5 9. Qb3 Nbc6
10. Be3 dxc4 11. Bxc4 Na5 12. Qa2 Nxc4 13. Qxc4 Bxf3 14. gxf3 Nd5 $15 {0-1
Jakupovic,N-Kobylkin,E/Cala Caldana b-14 1996 (25)}) 9. cxd5 Nxd5 10. Qc2 Re8+
11. Be2 Qe7 12. Ra2 Nc6 13. c4 Nf6 (13... Ndb4 $5 {Black should try to exploit
as quickly as possible white's problems in getting the pieces out ,because
once he's castled and brought his rook back to the game white will have a very
steady advantage due to a strong center supported by a pair of strong bishops.}
14. axb4 Nxb4 15. Qd2 Nxa2 16. Qxa2 Bb7 17. Be3 $13) 14. O-O Ba6 15. Bd3 Rad8
16. Bb2 Na5 17. Raa1 $14 {[%csl Gb2,Gd3] 1-0 Fernandes,A-Almeida,R/Andorra zt
1987 (29)}) 6... O-O (6... Bf5 7. Be2 Nd7 8. Qb3 Bxc3+ 9. bxc3 Be6 10. cxd5
Bxd5 11. c4 Be6 12. O-O O-O 13. Qxb7 Nb6 14. Qa6 $16 {Black wasted too much
time in the previous moves (Bf5-e6-d5-e6) and allowed to do whatever he wants.}
) 7. Be2 (7. a3 $6 {This move ,now or a couple of moves earlier seems to give
black  a very important tempi!} Bxc3+ 8. bxc3 Nbc6 9. c5 (9. Bd3 dxc4 10. Bxc4
Nd5 11. Bxd5 Re8+ 12. Be3 Qxd5 13. h3 Qc4 $15 {0-1 Speck,H-Luther,T/
Liechtenstein op 1993 (22)}) 9... b6 10. Be2 bxc5 11. dxc5 a5 12. O-O Ba6 13.
Bxa6 Rxa6 14. Qd3 Ra8 15. Be3 a4 16. Ng5 g6 17. Rad1 Qc8 18. c4 $2 Ne5 19. Qd4
Nxc4 20. Qf6 (20. Nxh7 Kxh7 21. Qh4+ Kg8 22. Qxe7 Re8 23. Qg5 Nxe3 24. fxe3 c6
$19 {[%csl Ge3]}) 20... Nf5 21. Rxd5 Ra6 22. c6 Ncxe3 23. fxe3 Qe8 24. Nxh7
Rxc6 25. Rf3 Nxe3 26. Rh5 gxh5 27. Qg5+ Kxh7 28. Rxe3 Qd7 29. Qxh5+ Rh6 30. Qe2
{0-1 Mallahi,A-Shaked,T/Cala Galdana b-18 1996}) 7... dxc4 8. Bxc4 Bg4 (8...
Nd5 $2 9. O-O Nxc3 10. bxc3 Bxc3 11. Rb1 {[%csl Gc3,Gh7][%cal Gc4d3]} Be6 12.
Bxe6 fxe6 13. Qd3 Rxf3 14. Qxf3 Bxd4 15. Qxb7 Nd7 16. Qc6 e5 17. Be3 Nb6 18.
Bxd4 exd4 19. Rfd1 d3 20. h3 Rc8 21. a4 {1-0 Miezis,N-Kahn,M/Dresden op 1992})
9. O-O Nbc6 10. Be3 Nf5 11. Qd3 Nd6 12. Bd5 (12. Ne5 $142 {Probabaly the best
white can get in this position since other continuations, as it seems, lead to
inferior positions.} Bf5 13. Qe2 Bxc3 14. Nxc6 bxc6 15. bxc3 Nxc4 16. Qxc4 Qd5
17. Qxd5 cxd5 18. Bf4 {1/2-1/2 Reich,T-Schaefer,M/BL 1994}) (12. Bg5 Qc8 13.
Bd5 Qf5 14. Qxf5 Bxf5 15. Rfe1 Rfe8 16. Re3 Rxe3 17. fxe3 Re8 18. Bf4 Ne7 19.
Bb3 h6 20. Ne5 g5 21. Bg3 Kg7 22. Nc4 Nxc4 23. Bxc4 c6 24. Rf1 f6 25. a3 Bxc3
26. bxc3 Bg6 $11 {Miezis,N-Luther,T/Dresden op 1992/0-1 (58)}) 12... Bf5 13.
Qd1 (13. Qe2 Na5 14. Bg5 Qc8 15. Rfc1 Re8 16. Qf1 c6 17. a3 Bxc3 18. Rxc3 Be6
19. Bxe6 Qxe6 20. b4 Nac4 21. Re1 Qd5 22. Be7 f6 23. Bxd6 Nxd6 24. Rc5 Qb3 25.
Ra1 Re7 $17 {[%csl Gd4] 1/2-1/2 Ashley,M-Remlinger,L/New York Marshall/Enhance
1994 (60)}) 13... Ne7 (13... Na5 14. Bg5 Qc8 15. Qa4 Bxc3 16. bxc3 Nc6 17. Ne5
Ne4 18. Nxc6 bxc6 19. Bxe4 Bxe4 20. f3 Bd3 21. Rfe1 f6 22. Bf4 Qd7 23. Re3 Bg6
$14 {Miezis,N-Glek,I/Hamburg Wichern-op 1995/1-0 (59)}) (13... Bxc3 14. bxc3
Ne4 15. Bxc6 bxc6 16. Qc1 Qd5 17. c4 Qa5 18. Ne5 Qa6 19. f3 Nd6 20. d5 cxd5 21.
cxd5 Rfe8 22. Bf4 $14 {[%csl Gc7] 1-0 Miezis,N-Gurevich,M/Bonn GSK-2 1995 (41)}
) 14. Bb3 c6 15. Ne5 Kh8 16. Rc1 f6 17. Nd3 Bxc3 (17... Ba5 18. Nf4 Qd7 19. d5
cxd5 20. Ncxd5 $14) 18. bxc3 Nd5 19. Nf4 (19. Bxd5 $6 cxd5 20. Nf4 Nc4 21. Qf3
Be4 22. Qh3 Re8 $17 {[%csl Gc4]}) (19. Re1 Re8 $15) 19... Nxe3 20. fxe3 Qe8 $15
{[%csl Ge3]} (20... Qe7 21. Qf3 Rae8 22. Rce1 Be4 $15 {[%csl Ge3][%cal Gd6f5]})
21. Qe2 (21. Qf3 $142 $11 {[%cal Gb3c2]}) 21... b5 22. Rce1 (22. Bc2 $6 Bxc2
23. Rxc2 Qe4 $17) (22. d5 $5 Bd7 23. dxc6 Bxc6 24. Ne6 Rf7 25. Qg4 Re7 26. Rcd1
Ne4 27. Rd3 $10) (22. a4 a5 $5 23. axb5 (23. d5 $142 $5 $13) 23... cxb5 24. Nd5
Qe6 25. c4 bxc4 26. Nc7 Qe7 (26... Bg4 27. Qe1 Qe7 28. Nxa8 cxb3 29. Rc7 Qe6
30. Ra7 Nc4 $44) 27. Nd5 Qe4 28. Nc3 Qd3 $19) 22... Ne4 23. c4 a6 24. cxb5 axb5
25. Rc1 {White has finally created a weakness to play for. This should
probably equalize.} Rc8 26. a4 bxa4 $6 {I don't think black should've reacted
at all.After the text white has more space for maneauvering.} (26... Qd7 $142)
27. Bxa4 Bd7 28. Nd3 $14 Ra8 29. Bc2 (29. Qc2 $2 Nc3 $1 30. Bxc6 (30. Qxc3
Qxe3+ 31. Kh1 Rxa4 $19) 30... Bxc6 31. Qxc3 Qxe3+ $17 {[%csl Gd4]}) 29... Be6
30. Nf2 Bd5 31. Nxe4 Bxe4 32. Bxe4 Qxe4 33. Qf3 Rfe8 34. Qxe4 Rxe4 35. Kf2 $11
Rae8 36. Rfe1 R8e6 37. Rc3 g6 38. Ra1 f5 39. g3 g5 40. Kf3 Kg7 41. Ra7+ Kg6 42.
Ra6 Kf6 {Niether side can improve his position anymore.} (42... Kf6 43. Raxc6
Rxe3+ 44. Rxe3 Rxc6 $15) 1/2-1/2

[Event "Czerniak Memorial 13th"]
[Site "Tel Aviv"]
[Date "1997.??.??"]
[Round "11"]
[White "Gershon, Alik"]
[Black "Krayz, Alexander"]
[Result "0-1"]
[WhiteElo "2420"]
[BlackElo "2375"]
[Annotator "Gershon,A"]
[PlyCount "62"]
[EventDate "1997.04.04"]
[EventType "tourn"]
[EventRounds "11"]
[EventCountry "ISR"]
[EventCategory "10"]
[SourceTitle "CBM 059"]
[Source "ChessBase"]
[SourceDate "1997.08.01"]
[SourceVersion "1"]
[SourceVersionDate "1997.08.01"]
[SourceQuality "1"]

1. e4 e6 2. d4 d5 3. Nc3 Bb4 4. exd5 exd5 5. Bd3 c6 6. Qf3 Qf6 7. Bf4 {Just
about the only way to get real chances for win.} (7. Qxf6 Nxf6 8. Nge2 O-O (
8... Nbd7 9. O-O (9. a3 Be7 10. O-O Nf8 11. Ng3 g6 12. f4 h5 13. f5 h4 14. Nge2
Bxf5 15. Bxf5 gxf5 16. Rxf5 Ne6 17. Bd2 Nh5 18. Raf1 f6 19. Nd1 Kd7 20. c3 Rag8
$11 {Somlai,L-Farago,I/Budapest Elekes 1991/0-1 (68)}) 9... O-O 10. a3 Bd6 11.
Bf4 Bxf4 12. Nxf4 Nb6 13. h4 Bd7 14. f3 h5 15. Kf2 Nc8 16. Rae1 Nd6 17. Nce2 {
1/2-1/2 Arapovic,V-Leuba,D/Biel-C 1990}) 9. Bf4 Ne4 10. a3 Ba5 11. O-O Bf5 12.
Nxe4 Bxe4 13. Bxe4 dxe4 14. Rfd1 Na6 15. b4 Bc7 16. c4 Bxf4 17. Nxf4 Nc7 18. d5
cxd5 19. Nxd5 Nxd5 20. Rxd5 Rad8 21. Rad1 Rxd5 22. Rxd5 f5 23. a4 Rf7 24. a5
Kf8 25. b5 Ke8 {1/2-1/2 Wiege,R-Huber,J/Lienz op 1988}) 7... Qxd4 {This game
had no sportive meaning ,so both opponents had nothing against a little
craziness!} (7... Ne7 8. Qg3 Nd7 9. a3 Bxc3+ 10. bxc3 O-O 11. Bg5 Qe6+ 12. Kf1
(12. Ne2 Nf6 13. f3 Ng6 14. O-O Nh5 15. Qf2 Qd6 16. Bd2 Re8 $11 {Wehmeier,
S-Wagner,A/Munich op9293 1993/0-1 (70)}) 12... Nf6 13. Qc7 Ng6 14. Re1 Ne4 15.
f3 f5 16. Nh3 Qd7 17. Qxd7 Bxd7 18. c4 Rae8 19. Bc1 c5 20. Nf4 cxd4 21. Nxg6
hxg6 22. cxd5 Nc3 23. Bb2 Rc8 24. Kf2 $14 {0-1 Lejlic,S-Raicevic,I/JUG-chT
1989 (37)}) 8. O-O-O (8. Nge2 Qf6 9. Qg3 Nd7 $15) 8... Bxc3 9. bxc3 Qxc3 10.
Qg3 (10. Qe3+ Ne7 11. Be5 Qa3+ 12. Bb2 Qxa2 13. Bxg7 Rg8 14. Bf6 Be6 15. Bxh7 (
15. g3) 15... Rxg2 $17) 10... Qa3+ (10... Nd7 {During the game I considered it
as the best conituation for black.} 11. Nh3 {[%cal Gg3c3]} ({Worse would be :} 
11. Nf3) 11... Qa3+ 12. Kd2 Qa5+ (12... Ne7 13. Rde1 $1 Qb4+ (13... O-O $4 14.
Bxh7+ $18 {That's exactly why white played 11.Nh3 instead of 11.Nf3.}) 14. Kc1
Nc5 15. Qxg7 Nxd3+ 16. cxd3 Qa3+ 17. Kb1 $18) 13. c3 Qxa2+ 14. Bc2 Ngf6 (14...
Ne7 15. Rde1 Nf8 (15... Nc5 16. Rxe7+ Kxe7 17. Bd6+ Kd8 18. Bxc5 Bxh3 19. Qg5+
Kd7 20. Qe7+ Kc8 21. gxh3 $18) 16. Qxg7 Nfg6 17. Bg5 Rf8 18. Qxg6 (18. Rxe7+ $5
Nxe7 19. Re1 $18) 18... hxg6 19. Rxe7+ Kd8 20. Rxf7+ Ke8 21. Re7+ Kd8 22. Rh7+
Rf6 23. Bxf6+ Ke8 24. Re1+ Kf8 25. Ree7 $18) 15. Rhe1+ Ne4+ 16. Rxe4+ dxe4 17.
Qxg7 Rf8 18. Bd6 e3+ 19. fxe3 Qe6 20. Bxf8 Nxf8 21. Ng5 Qd6+ 22. Ke1 Qe7 23.
Ne4 $40) 11. Kd2 Qb4+ 12. Ke2 (12. c3 $5 Qb2+ 13. Bc2 Bf5 14. Rc1 Nd7 $1 (14...
Nf6 $2 15. Qxg7 Ne4+ 16. Ke1 Rf8 (16... Qxc3+ 17. Qxc3 Nxc3 18. Bxf5 $16) 17.
f3 {[%csl Gf5]} Nd6 18. Qe5+ Be6 19. Qxd6 $18) (14... d4 $6 15. Ne2 Nf6 (15...
Nd7 16. Nxd4 Ngf6 17. Rhe1+ Ne4+ (17... Be6 18. Nxe6 $40) 18. Kd1 $18) (15...
Ne7 $5 {Krays} 16. Bxb8 O-O 17. Be5 f6 18. Bxd4 Rad8 $44) 16. Qxg7 dxc3+ 17.
Kd1 Bxc2+ 18. Rxc2 $18) 15. Qxg7 (15. Nf3 Ngf6 16. Rhe1+ Ne4+ 17. Kd1 O-O $19)
15... O-O-O {Now it's black's turn to sacrifise.} 16. Qxh8 (16. Bg5 Ngf6 17.
Bxf6 Rhg8 $17) 16... Ngf6 17. Qg7 Rg8 (17... Bxc2 18. Rxc2 Ne4+ 19. Kd1 Nxf2+ (
19... Qb1+ 20. Bc1) 20. Rxf2 Qxf2 21. Ne2 $18) 18. Qxf7 Rxg2 19. Ne2 (19. Be3
Rxf2+ $1 20. Bxf2 Ne4+ 21. Kd1 Nxc3+ 22. Kd2 Ne4+ 23. Kd1 Nxf2+ 24. Ke2 Nxh1
$19) 19... Rxf2 20. Qg7 b6 21. Qh8+ (21. Rhe1 d4 $1 22. Bg3 Ne4+ 23. Kd1 Nxc3+
24. Kd2 Bxc2 25. Rxc2 Ne4+ 26. Kd3 Ndc5+ 27. Rxc5 Nxc5+ 28. Kc4 Qc2+ $19) 21...
Kb7 $40) 12... Na6 $1 {I underestimated this move playing 12.Ke2} 13. c3 $4 {
Probably the decisive mistake.} (13. Qxg7 $142 Qxf4 14. Qxh8 Bg4+ 15. f3 O-O-O
{I played c3 on my 13th move wishing to get this position with a pawn on c3 
(instead of on c2)which would allow white to play 16.Qd4 trading queens with a
completely winning endgame.} 16. Qc3 {[%csl Gc6][%cal Gd3a6] I wasn't
satiscfied with this position during the game since black's initiative seems
to be very strong.However, the analysis show that black is the one who has to
prove that he's OK.} Re8+ (16... Nb4 17. g3 Re8+ 18. Kf2 Nxd3+ 19. Rxd3 (19.
cxd3 $4 Qe3+ 20. Kg2 Bxf3+ 21. Nxf3 Qe2+ 22. Kh3 Qxf3 $17) 19... Qf5 (19... Qf6
20. Qxf6 Nxf6 21. fxg4 Nxg4+ 22. Kg2 $18) 20. Qd4 $18) 17. Kf1 Nb4 18. Ne2 $18)
13... Qe7+ $8 (13... Qa4 $2 {Leads to a position mentioned in the previous
variation:} 14. Qxg7 Qxf4 15. Qxh8 Bg4+ 16. f3 O-O-O 17. Qd4 Qxd4 18. cxd4 Be6
19. Bxa6 $18) 14. Kf1 Nf6 {Now white is practically lost.} 15. Qxg7 (15. Bd6 {
Playing 13.c3 I was counting on this move to give white strong initiative.
Black's next move, however , forces white to resign.} Nh5 $19 {A very
frustrating blunder!}) 15... Rg8 16. Qh6 Nc5 17. Bxh7 Rh8 18. Bg5 Nce4 19. Re1
{Pretty amazing position: just about every active piece on the board is tied
up!!} Qc5 $1 {The weakness of white's king decides!} 20. Nh3 $8 (20. Qxf6 Qc4+
21. Re2 Qxe2+ 22. Nxe2 Nxf6 $19) 20... Nxh7 21. Qg7 Bxh3 ({Probably stronger
was:} 21... Qf8 $19) 22. Rxe4+ $8 dxe4 23. Qxh8+ {When playing Nh3 I thought
this was a playable position, but there was just one last surprise waiting for
me in this game..} Nf8 $19 {[%csl Gg5] The rest is pointless!} 24. Qf6 Bf5 25.
Kg1 Ng6 26. Qg7 e3 27. fxe3 Qe5 28. Qg8+ Nf8 29. Bf4 Qe6 30. Qg5 Rd8 31. Kf2
Qg6 0-1

[Event "Dos Hermanas"]
[Site "Dos Hermanas"]
[Date "1997.04.08"]
[Round "6"]
[White "Polgar, Judit"]
[Black "Kramnik, Vladimir"]
[Result "0-1"]
[WhiteElo "2645"]
[BlackElo "2740"]
[Annotator "Gershon,A"]
[PlyCount "88"]
[EventDate "1997.04.01"]
[EventType "tourn"]
[EventRounds "9"]
[EventCountry "ESP"]
[EventCategory "19"]
[SourceTitle "CBM 059"]
[Source "ChessBase"]
[SourceDate "1997.08.01"]
[SourceVersion "1"]
[SourceVersionDate "1997.08.01"]
[SourceQuality "1"]

1. e4 e6 2. d4 d5 3. exd5 exd5 4. Nf3 Nc6 5. Bd3 Bd6 (5... Bg4 6. Qe2+ (6. c3
Qd7 7. O-O Bd6 8. Bg5 f6 9. Bh4 O-O-O 10. Nbd2 h5 11. Qc2 Nge7 12. Rfe1 Bf5 13.
Nf1 Bxd3 14. Qxd3 Nf5 15. Ne3 Nce7 16. Re2 g5 17. Bg3 Bxg3 18. fxg3 Nxe3 19.
Qxe3 Nf5 $15 {1/2-1/2 Gubanov,A-Lobach,P/St.Petersburg Chigorin 1995 (57)})
6... Qe7 7. Be3 Nb4 8. Bb5+ c6 9. Ba4 a5 10. c3 Bxf3 11. gxf3 Na6 12. Nd2 Qe6
13. Bc2 Bd6 14. O-O-O Ne7 15. Rde1 Nc7 16. f4 O-O-O 17. Rhg1 g6 18. Nf3 Nf5 19.
Bd2 Qxe2 20. Rxe2 Ng7 21. f5 Nxf5 22. Bxf5+ gxf5 23. Rg5 Rde8 24. Rxe8+ Nxe8
25. Rxf5 f6 26. Bf4 $14 {1/2-1/2 Iruzubieta,J-Romero Holmes,A/ESP-ch Canete
1994 (37)}) (5... Nb4 6. Bb5+ Bd7 7. Qe2+ Be7 8. Bxd7+ Qxd7 9. Ne5 Qc8 10. a3
Na6 11. Nc3 c6 12. Bd2 Nf6 13. O-O O-O 14. Rab1 Bd8 15. Qd3 Nc7 16. f4 Nce8 17.
Ne2 a5 18. f5 Ne4 19. g4 N8d6 20. Bf4 $36 {1-0 Milov,V-Barsov,A/NRW-II 1996 
(38)}) 6. O-O (6. h3 h6 7. O-O Nge7 8. c4 dxc4 9. Bxc4 Bf5 10. Nc3 Qd7 11. d5
Ne5 12. Bb5 c6 13. dxc6 N5xc6 14. Nd4 Bxh3 15. Nxc6 bxc6 16. gxh3 cxb5 17. Nxb5
Qxb5 18. Qxd6 Rd8 19. Qa3 Rd7 20. Re1 O-O $15 {Bakhtadze,G-Croonenborghs,T/
EU-chJM U20 Holon 1995/0-1 (60)}) 6... Nge7 7. c4 dxc4 8. Bxc4 O-O 9. h3 Be6 $5
(9... Bf5 10. Nc3 Qd7 11. Re1 $14) 10. Bxe6 fxe6 {[%csl Gd4,Ge6] Although 9...
Be6 created a weakness on e6 it has many positive sides, such as:1.Eleminating
white's very active bishop 2.Openning the "f" file for his rooks 3.Preventing
white's isolated pawn (d4) from moving etc.} 11. Nc3 (11. Qb3 Qc8 12. Re1 Nd5
13. Nc3 $140 $2 Rxf3 $1 14. gxf3 Nxd4 15. Qd1 e5 $3 16. Nxd5 Qxh3 17. Re3 e4 $1
18. f4 Nf3+ 19. Rxf3 exf3 20. Qf1 Qg4+ 21. Kh2 Qh5+ 22. Qh3 Qxd5 $19) 11... Qe8
$1 {Moving the queen to g6 (or f5) where she is best placed for defence and
offence.} 12. Re1 Qg6 13. Re4 $5 {From here the rook presses on e6,defends on
d4 and can olso "jump" to the king side when needed.} (13. d5 exd5 14. Nxd5
Nxd5 15. Qxd5+ Kh8 $13) 13... Rae8 14. Qe2 Nd5 15. Rg4 (15. Ne5 $2 Nxe5 16.
dxe5 Bc5 $17 {[%csl Gf2]}) 15... Qf5 16. Bh6 (16. Be3 Nxe3 17. fxe3 e5 18. d5 (
18. e4 Qf7 19. d5 Nd4 20. Nxd4 exd4 21. Nb5 Be5 $17) 18... e4 19. dxc6 exf3 20.
Qxf3 Qxf3 21. gxf3 Rxf3 22. cxb7 Rxh3 $17 {[%csl Gb7,Ge3]}) 16... Rf7 {
Although her pieces seem to be well placed Polgar struggles to find a good
plan to continue with.} 17. Nh4 {Forces black to take on c3, but white's
pieces are in 'offside' and  Kramnik exploits it brilliantly.} (17. Ne4 Bf4 $1
$15) (17. Nd1 e5 $1 (17... Bf4 18. Ne3 Qh5 19. Nxd5 Bxh6 20. Ne5 $1 $16) 18.
Ne3 Nxd4 $1 19. Nxd4 exd4 20. Nxf5 Rxe2 21. Rxg7+ (21. Nxd6 cxd6 22. Rxd4 Rfxf2
$19) 21... Rxg7 22. Bxg7 d3 23. Bd4 Be5 24. Rd1 Bxd4 25. Nxd4 Rxb2 26. Rxd3
Rxa2 27. Ne6 Re2 (27... c6 28. Rf3 $1 h6 29. Rf8+ Kh7 30. Rf7+ Kg6 31. Rxb7 $13
) 28. Rxd5 Rxe6 $19) 17... Nxc3 (17... Qf6 $4 18. Bxg7 $1 Rxg7 19. Nxd5 $18)
18. bxc3 Qa5 19. Bd2 e5 $1 {White doesn't succeed in bringing all his pieces
back.} 20. Nf3 Ree7 {[%cal Ge5d4]} 21. d5 {Polgar prefers to give up a pawn
rather than open the position since black pieces are just too active.} (21.
dxe5 Nxe5 (21... Rxf3 22. Qxf3 Nxe5 23. Qxb7 Nxg4 24. Qc8+ Kf7 25. Qxg4 $16)
22. Nxe5 Bxe5 23. Re4 Bf6 $17 {[%csl Ga2,Gc3]}) 21... Qxd5 22. c4 Qc5 $17 23.
Ng5 (23. Rb1 b6 24. Rb5 Qa3 $17) 23... Rf5 24. Ne4 Nd4 25. Qf1 (25. Qd3 Qa3 26.
Qxa3 Bxa3 $19) 25... Qc6 26. c5 {Polgar sacrifises another pawn hoping to get
some compensation.} (26. Rc1 Ref7 $17) 26... Bxc5 27. Rc1 b6 28. Qa6 (28. Nxc5
bxc5 29. Qc4+ Ref7 30. Be3 Qb6 $19 {[%cal Gb6b2]}) 28... h5 29. Rh4 Qg6 $1 30.
Qc4+ (30. Rxc5 Nf3+ 31. Kh1 Nxh4 $19) 30... Ref7 31. Rc3 Nf3+ 32. Rxf3 Rxf3 $19
{Here white could stop the clock.} 33. Be1 Be7 34. Nd2 Bxh4 35. Nxf3 Bf6 36.
Nd2 Kh7 37. Ne4 Rd7 38. Bc3 c5 39. Qe2 Kg8 40. Qc4+ Qf7 41. Qe2 c4 42. f4 Rd3
43. f5 Be7 44. g4 Rxh3 0-1

[Event "RUS-ch Army"]
[Site "Russia"]
[Date "1995.??.??"]
[Round "?"]
[White "Totsky, Leonid"]
[Black "Savchenko, Stanislav"]
[Result "0-1"]
[WhiteElo "2455"]
[BlackElo "2585"]
[Annotator "Giese"]
[PlyCount "44"]
[EventDate "1995.??.??"]
[EventType "tourn"]
[EventRounds "11"]
[EventCountry "RUS"]
[EventCategory "10"]
[SourceTitle "CBM 048"]
[Source "ChessBase"]
[SourceDate "1995.10.01"]
[SourceVersion "1"]
[SourceVersionDate "1995.10.01"]
[SourceQuality "1"]

1. e4 e6 2. d4 d5 3. exd5 exd5 4. Nf3 Nf6 5. Bd3 Be7 6. O-O O-O 7. Bg5 Bg4 8.
Nbd2 Nbd7 9. c3 Re8 10. Qb3 c5 11. Qxb7 c4 12. Nxc4 dxc4 13. Bxc4 Rb8 14. Qxa7
Bxf3 15. gxf3 Nh5 16. Bxe7 Rxe7 17. Qa3 Nf4 18. Qd6 Re5 {[%csl Gf4][%cal Rd8g5]
} 19. Kh1 (19. Rfd1 Qg5+ $18 {[%cal Ge5e1]}) 19... Rb6 {[%csl Rd6]} 20. dxe5 (
20. Qxb6 Qxb6 21. dxe5 Qb7 $19 {[%cal Rb7f3]}) (20. Qa3 Rh5 $19 {[%cal Rh5h2]}
21. Rfd1 Rxh2+ 22. Kxh2 Qh4+ 23. Kg1 Rg6+ $19) 20... Rxd6 21. exd6 Qa8 {
[%cal Ra8f3]} 22. Be2 Nxe2 0-1

[Event "RUS-chT 03rd"]
[Site "Kazan"]
[Date "1995.??.??"]
[Round "8"]
[White "Iskusnyh, Sergei"]
[Black "Zvjaginsev, Vadim"]
[Result "1/2-1/2"]
[WhiteElo "2430"]
[BlackElo "2600"]
[Annotator "Giese"]
[PlyCount "41"]
[EventDate "1995.??.??"]
[EventType "team-tourn"]
[EventRounds "9"]
[EventCountry "RUS"]
[SourceTitle "CBM 051"]
[Source "ChessBase"]
[SourceDate "1996.04.01"]
[SourceVersion "1"]
[SourceVersionDate "1996.04.01"]
[SourceQuality "1"]
[WhiteTeam "Kemerovo SDYuShOR Politekhnik"]
[BlackTeam "Azov Ladya"]
[WhiteTeamCountry "RUS"]
[BlackTeamCountry "RUS"]

1. e4 e6 2. d4 d5 3. exd5 exd5 4. Nf3 Bd6 5. c4 Nf6 6. Nc3 O-O 7. cxd5 Nbd7 8.
Be2 h6 9. O-O Nb6 10. Bd3 Nbxd5 11. Ne5 Be6 12. Qf3 Re8 13. Re1 c5 14. Nxd5
Bxd5 15. Qg3 cxd4 16. Bxh6 $5 $10 Nh5 (16... g6 17. Bxg6 $1 $18) 17. Qg4 Bxe5
18. Qxh5 gxh6 19. Rxe5 Rxe5 20. Qxe5 Qg5 $10 21. Qxg5+ 1/2-1/2